|
|
|
|
| LEADER |
01184nam a22003012a 4500 |
| 001 |
001424349 |
| 003 |
CZ BrMZK |
| 005 |
20141001085918.0 |
| 007 |
ta |
| 008 |
141001s1990 xr a er|||||||||||cze d |
| 015 |
|
|
|a cnb000059451
|
| 020 |
|
|
|a 80-900080-5-4
|q (brož.) :
|c 12 Kčs
|
| 035 |
|
|
|a (OCoLC)39432354
|
| 040 |
|
|
|a ABA001
|b cze
|d ABA001
|
| 080 |
9 |
|
|a 641/642
|
| 100 |
1 |
|
|a Havlíčková, Hana
|7 xx0075734
|4 aut
|4 ill
|
| 245 |
1 |
0 |
|a Pečeme pro dny všední i sváteční /
|c [text a] fotogr. Hana Havlíčková ; ilustr. Miloslav Martenek ; graf. úprava Marie Němcová
|
| 260 |
|
|
|a České Budějovice :
|b Dona,
|c 1990
|
| 300 |
|
|
|a 31 s. :
|b barev. il. ;
|c 30 cm
|
| 500 |
|
|
|a Obálka Eva Dědičová
|
| 500 |
|
|
|a Dostupné též v digitalni podobě v aplikaci Kramerius
|
| 655 |
|
7 |
|a příručky
|7 fd133209
|2 czenas
|
| 700 |
1 |
|
|a Martenek, Miloslav,
|d 1933-
|7 jn20000401735
|4 ill
|
| 856 |
4 |
1 |
|u http://www.digitalniknihovna.cz/mzk/uuid/uuid:a089eaf0-9f75-11e3-8e84-005056827e51
|y Digitalizovaný dokument
|x NDK
|
| 910 |
|
|
|a BOA001
|b X2-0961.597
|
| 990 |
|
|
|a BK
|
| 991 |
|
|
|b 201409
|
| 996 |
6 |
|
|b 2619029794
|c X2-0961.597
|l MZK
|r Sklad / do 24 hodin
|n 0
|w 001459380
|u 000010
|a 1
|e BOA001
|j MZK50
|s P
|